Statistics for Five Smallest Economies By Continent

Click here to take the quiz!

General Stats

  • This quiz has been taken 81 times
  • The average score is 22 of 30

Answer Stats

Economy Country % Correct
38MTuvalu
93%
234MPalau
93%
1,845MSan Marino
93%
182MNauru
93%
3,278MAndorra
91%
852MSaint Kitts and Nevis
91%
5,210MSuriname
88%
3,086MGuyana
88%
7,060MMonaco
87%
729MSaint Vincent and The Grenadines
87%
884MGrenada
85%
31,286MParaguay
84%
180MKiribati
84%
209MMarshall Islands
84%
57,471MUruguay
81%
32,996MBolivia
79%
337MSao Tome and Principe
76%
1,965MBhutan
74%
553MDominica
74%
648MComoros
74%
1,248MAntigua and Barbuda
72%
4,970MEast-Timor
72%
3,032MMaldives
71%
851MThe Gambia
60%
4,558MMontenegro
53%
5,855MLiechtenstein
49%
1,209MGuinea-Bissau
44%
10,889MArmenia
38%
9,242MTajikistan
35%
1,375MSomalia
25%

Score Distribution

Percentile by Number Answered

Percent of People with Each Score

Your Score History

You have not taken this quiz